书目信息 |
| 题名: |
营销员培训教材
|
|
| 作者: | ;国家经贸委经济干部培训中心 编写 | |
| 分册: | ||
| 出版信息: |
|
|
| 页数: | ||
| 开本: | 28cm | |
| 丛书名: | ||
| 单 册: | ||
| 中图分类: | F306 | |
| 科图分类: | ||
| 主题词: | 农业经济学 | |
| 电子资源: | ||
| ISBN: | ||
| 000 | 00582nam0 2200157 450 | |
| 001 | 1537612671 | |
| 005 | 20150429161723.60 | |
| 100 | @a20150428d km y0chiy0120 ea | |
| 101 | 0 | @achi |
| 200 | 1 | @a营销员培训教材@Aying xiao yuan pei xun jiao cai@f国家经贸委经济干部培训中心编写@Fguo jia jing mao wei jing ji gan bu pei xun zhong xin bian xie |
| 215 | @d28cm | |
| 606 | 0 | @a农业经济学 |
| 690 | @aF306@v4 | |
| 711 | 02 | @a国家经贸委经济干部培训中心@Aguo jia jing mao wei jing ji gan bu pei xun zhong xin@4编写 |
| 801 | 0 | @aCN@b大连网信软件有限公司图书馆·11@c20150429 |
| 905 | @aZUCC@dF306@eG901 | |
| 营销员培训教材/国家经贸委经济干部培训中心编写 |
| 28cm |
| ISBN : |
| ● |
| 相关链接 |
|
|
|
正题名:营销员培训教材
索取号:F306/G901
 
预约/预借
| 序号 | 登录号 | 条形码 | 馆藏地/架位号 | 状态 | 备注 |
| 1 | 496530 | 204965305 | 能源与建筑环境工程学院资料室/ [索取号:F306/G901] | 在馆 |